| 000 | 00644nam a2200169 i 4500 | ||
|---|---|---|---|
| 001 | 54654 | ||
| 003 | ES-MaACL | ||
| 007 | t| | ||
| 008 | 931025s1880 sp ||||1| spa d | ||
| 040 |
_aAS _bspa |
||
| 100 | 1 |
_aFuertes Acevedo, Máximo. _952961 |
|
| 245 | 1 | 0 |
_aMineralogía asturiana _b: catálogo descritivo de las sustancias así metálicas como lapídeas de provincia de Asturias, seguido de breves consideraciones acerca de su importancia industrial / _cpor Máximo Fuertes Acevedo. |
| 250 | _a1ª ed. | ||
| 260 |
_aOviedo : _b[s.n.], _c1880 ( _fImp. y lit. de Vicente Brid) |
||
| 300 |
_a404 p. ; _c16 cm. |
||
| 852 |
_aES-MaACL _jG-14935 |
||
| 999 |
_c54654 _d54654 |
||